Normal view
MARC view
- بن باز، عبد العزيز وآخرون، جمع وإعداد: هشام محمد أبو حاكمة
Entry Personal Name
001 - CONTROL NUMBER
- control field: 18386
003 - CONTROL NUMBER IDENTIFIER
- control field: JO-AjAnu
005 - DATE AND TIME OF LATEST TRANSACTION
- control field: 20230606073229.0
008 - FIXED-LENGTH DATA ELEMENTS
- fixed length control field: 230606|| aca||aabn | a|a d
040 ## - CATALOGING SOURCE
- Original cataloging agency: JO-AjAnu
- Transcribing agency: JO-AjAnu
100 ## - HEADING--PERSONAL NAME
- Personal name: بن باز، عبد العزيز وآخرون، جمع وإعداد: هشام محمد أبو حاكمة
670 ## - SOURCE DATA FOUND
- Source citation: Work cat.: (JO-AjAnu)9438: بن باز، عبد العزيز وآخرون، جمع وإعداد: هشام محمد أبو حاكمة, author, الموت وحساب القبر والآخرة : أسئلة و أجوبة يجيب عنها العلماء